History Quiz

Random History or Grab Bag Quiz

20th Century History: July Quiz Stats

 Plays Quiz Updated Jul 9, 2018

Challenge
Share
Tweet
Embed
Score 0/100 Timer 20:00
0 Plays Today
Year Answer % Correct
1903Norway
81.7%
1902Sweden
78.8%
1907Japan
77.1%
1901Scotland Yard
74.9%
1936Spain
74.9%
1956Suez Canal
73.4%
1953Korean War
73.3%
1914World War I
72.7%
1965Mars
72.3%
197118
72.3%
1982London
71.2%
1976Vietnam
69%
1997Hong Kong
68.8%
1906France
68.5%
1964Lyndon B. Johnson
68.4%
1942Warsaw
68.3%
2000J. K. Rowling
68.2%
1996Dolly
67.3%
1917Windsor
66.9%
1927Vienna
66.8%
1963NASA
66.8%
1974Cyprus
66.3%
1934Austria
66.3%
1972Northern Ireland
66.1%
1967Québec
66.1%
1980One billion
66%
1989French Revolution
66%
1937Amelia Earhart
64.6%
1954K2
63.3%
1986Statue of Liberty
63.2%
1935Tenzin Gyatso
62.1%
1951Jordan
62%
1918Nicholas II
61.9%
1952European Union
60.7%
Year Answer % Correct
1919Damascus
60.2%
1946Bikini Atoll
59.8%
1979Saddam Hussein
59%
1915Haiti
58.9%
1985Greenpeace
58.4%
1999Edinburgh
58.3%
1929Gulag
57.9%
1947AK-47
57.8%
1998St. Petersburg
57.6%
1909English Channel
57.3%
1991Rodney King
56.7%
1941Ecuador
56.4%
1938Gettysburg
56.4%
1961Ireland
55.7%
1962Algeria
55%
1955Deutsche Lufthansa
54.6%
1958Prince of Wales
54.5%
1930Mount Rushmore
54.1%
1913Bulgaria
53.8%
1957Tunisia
53.6%
1932Portugal
52.4%
1990Deutsche Mark
52.4%
1984Liechtenstein
51.9%
1950Douglas MacArthur
49.4%
1943Sicily
49.2%
1920Lithuania
48.6%
1910Albania
46.8%
1981Sandra Day O'Connor
46.7%
1924Argentina
45.7%
1928Mexico
44.8%
1925Tennessee
44.6%
1931Jehovah's Witnesses
44.2%
1916Somme
42.5%
1949Laos
41.8%
Year Answer % Correct
1922Ghana
41.7%
1992Georgia
41.6%
1973Bahamas
41.2%
1993Estonia
40.5%
1944Operation Valkyrie
40.3%
1988Michael Dukakis
40.3%
1983Tamil Tigers
39%
1987Mecca
38.4%
1966Hare Krishna
37.8%
1923Pancho Villa
37.8%
1968Intel
37.2%
1921Adolf Hitler
37.1%
1948Newfoundland
35.7%
1933Vatican City
34.3%
1969Uganda
33.6%
1960Sri Lanka
31.2%
1945Clement Attlee
30.6%
1904Pablo Neruda
30%
1908Ottoman Empire
29.8%
1970Barbados
28.2%
1994Kigali
27.3%
1940Philippe Pétain
26.7%
1978Solomon Islands
25.9%
1977Deng Xiaoping
23%
1912Emperor Meiji
20.4%
1905Dag Hammarskjöld
20%
1995Aung San Suu Kyi
17.2%
1926Kuomintang
15.9%
1975Comoros
15.4%
1911Georges Pompidou
15.2%
1939Ali Khamenei
9.6%
1959Australopithecus
9%

You're not logged in!

Compare scores with friends on all Sporcle quizzes.
OR
Log In

You Might Also Like...

Show Comments

Extras

Top Quizzes Today


Score Distribution

Your Account Isn't Verified!

In order to create a playlist on Sporcle, you need to verify the email address you used during registration. Go to your Sporcle Settings to finish the process.

Report this User

Report this user for behavior that violates our Community Guidelines.

Details: